Viabilidad topográfica e hidrológica del trasvase de agua desde la subcuenca del Río Patria a la cuenca media del Río Virilla
Guardado en:
| 主要作者: | |
|---|---|
| 其他作者: | , , , , , |
| 格式: | 圖書 |
| 語言: | Spanish |
| 出版: |
San José, [Costa Rica]
2018
|
| 主題: |
INGENIERÍA HIDRAÚLICA
> HIDROLOGIA - COSTA RICA
> HIDROLOGIA URBANA - SISTEMAS DE INFORMACION GEOGRAFICA
> RIO VIRILLA (COSTA RICA)
> RIO PATRIA (COSTA RICA)
> SUMINISTRO DE AGUA - SISTEMAS DE INFORMACION GEOGRAFICA
> SISTEMA GLOBAL DE POSICIONAMIENTO - MODELOS MATEMATICOS
> SISTEMA GLOBAL DE POSICIONAMIENTO
> ACUEDUCTO METROPOLITANO
|
| 標簽: |
添加標簽
沒有標簽, 成為第一個標記此記錄!
|
MARC
| LEADER | 00000nam a22000007a 4500 | ||
|---|---|---|---|
| 003 | 012932 | ||
| 005 | 20230807111419.0 | ||
| 008 | 181030b2018 cr a|||| |||m 00| ||spa d | ||
| 040 | |c cru CEDI | ||
| 100 | |9 1024 |a Alfaro Morera, Jessica María, 1988- | ||
| 245 | |a Viabilidad topográfica e hidrológica del trasvase de agua desde la subcuenca del Río Patria a la cuenca media del Río Virilla | ||
| 260 | |a San José, [Costa Rica] |c 2018 | ||
| 300 | |a vi, 140 hojas algunas plegables :ilustraciones a color, mapas | ||
| 500 | |a Seminario de graduación (licenciatura en ingeniería topográfica)--Universidad de Costa Rica. Facultad de Ingeniería. Escuela de Ingeniería Topográfica | ||
| 501 | |a Director de Seminario de Graduación: MSc. Edwin Porras Arce | ||
| 650 | |x INGENIERÍA HIDRAÚLICA |x HIDROLOGIA - COSTA RICA |x HIDROLOGIA URBANA - SISTEMAS DE INFORMACION GEOGRAFICA |x RIO VIRILLA (COSTA RICA) |x RIO PATRIA (COSTA RICA) |x SUMINISTRO DE AGUA - SISTEMAS DE INFORMACION GEOGRAFICA |x SISTEMA GLOBAL DE POSICIONAMIENTO - MODELOS MATEMATICOS |x SISTEMA GLOBAL DE POSICIONAMIENTO |x ACUEDUCTO METROPOLITANO |9 14445 | ||
| 700 | |9 1025 |a Campos Pérez, Luis Andrés, 1986- | ||
| 700 | |9 1026 |a Crawford Warren, Jacqueline Deyanira, 1976- | ||
| 700 | |9 1027 |a Ibarra Vargas, Adriana Isabel, 1975- | ||
| 700 | |9 1028 |a Oviedo Sánchez, Tatiana María, 1988- | ||
| 700 | |9 1029 |a Redondo Molina, Christian Alberto, 1977- | ||
| 700 | |9 59 |a Porras Arce, Edwin,1996- |d Director del TFG | ||
| 942 | |c CEDI |h TFG 8083 |6 TFG_8083_000000000000000 | ||
| 999 | |c 21053 |d 21053 | ||
